A lo largo de la vida (Record no. 16619)

MARC details
000 -LEADER
campo de control de longitud fija 00733nam a2200241 i 4500
001 - NÚMERO DE CONTROL
campo de control 16619
003 - IDENTIFICADOR DE NÚMERO DE CONTROL
campo de control ES-MaACL
005 - FECHA Y HORA DE LA ÚLTIMA TRANSACCIÓN
campo de control 20260426162625.0
007 - CAMPO FIJO DE DESCRIPCIÓN FÍSICA--INFORMACIÓN GENERAL
campo de control de longitud fija t|
008 - DATOS DE LONGITUD FIJA--INFORMACIÓN GENERAL
campo de control de longitud fija 001020s1997 sp |||| | spa j
020 ## - NÚMERO INTERNACIONAL ESTÁNDAR DEL LIBRO
Número Internacional Estándar del Libro 84-88730-15-2
080 ## - NÚMERO DE LA CLASIFICACIÓN DECIMAL UNIVERSAL
Número de la Clasificación Decimal Universal 821.112.2-32"19"
100 1# - ENTRADA PRINCIPAL--NOMBRE DE PERSONA
Nombre de persona Rilke, Rainer Maria,
Fechas asociadas al nombre 1875-1926
9 (RLIN) 97230
245 10 - MENCIÓN DEL TÍTULO
Título A lo largo de la vida
Resto del título : historias cortas y apuntes /
Mención de responsabilidad, etc. Rainer Maria Rilke ; traducción, Antón Dieterich.
250 ## - MENCION DE EDICION
Mención de edición 1ª ed.
260 ## - PUBLICACIÓN, DISTRIBUCIÓN, ETC.
Lugar de publicación, distribución, etc. Barcelona :
Nombre del editor, distribuidor, etc. Alba,
Fecha de publicación, distribución, etc. 1997.
300 ## - DESCRIPCIÓN FÍSICA
Extensión 126 p. ;
Dimensiones 21 cm.
490 1# - MENCIÓN DE SERIE
Mención de serie Alba clásica ;
Designación de volumen o secuencia 12
700 1# - ENTRADA AGREGADA--NOMBRE PERSONAL
Nombre de persona Dieterich, Antón,
Fechas asociadas al nombre 1944-
9 (RLIN) 160202
830 0# - PUNTO DE ACCESO ADICIONAL DE SERIE-TÍTULO UNIFORME
Título uniforme Alba clásica ;
Designación de volumen o secuencia 12
9 (RLIN) 179792
852 ## - LOCALIZACIÓN
Ubicación ES-MaACL
Número de control de estantería L-23819
Holdings
Estatus retirado Estado de pérdida Estado de daño No para préstamo Biblioteca de origen Biblioteca actual Ubicación en estantería Fecha de adquisición Fuente de adquisición Total de préstamos Signatura topográfica completa Código de barras Visto por última vez Precio de reemplazo Tipo de ítem Koha
        Biblioteca del Ateneo de Madrid Biblioteca del Ateneo de Madrid Depósito 2 17/01/2008     L-23819 1016881 23/02/2023 23/02/2023 Libro impreso